Cloud Computing : 4th International Conference, CloudComp 2013, Wuhan, China, October 17–19, 2013 : Revised Selected Papers /

Colección de ponencias de la cuarta Conferencia Internacional sobre Computación en la Nube, que tuvo lugar en Wuhan, China, en octubre de 2013. Los textos se enfocan en el tema de la computación en la nube, sus servicios, aplicaciones, administración y seguridad; así como el Internet de las cosas y...

Ամբողջական նկարագրություն

Պահպանված է:
Մատենագիտական մանրամասներ
Համատեղ հեղինակ: International Conference on Cloud Computing ( Wuhan, China)
Այլ հեղինակներ: Leung, Victor C.M. (edición) (edición), Chen, Min (edición) (edición)
Ձևաչափ: Գիտաժողովի նյութեր Գիրք
Լեզու:անգլերեն
Հրապարակվել է: Cham, Suiza : Springer, 2014, c2014
Շարք:(Lecture Notes of the Institute for Computer Sciences, Social Informatics and Telecommunications Engineering ; 133)
Խորագրեր:
Առցանց հասանելիություն:Ver documento en línea
Ցուցիչներ: Ավելացրեք ցուցիչ
Չկան պիտակներ, Եղեք առաջինը, ով նշում է այս գրառումը!

MARC

LEADER 00000nam^a2200000^a^4500
001 000456802
005 20251023000000.0
009 20260310124027.85
020 |a 978-3-319-05506-0 
037 |a Acervo ITESO - Biblioteca 
041 |a ING 
082 |a Libro en línea 
111 |a International Conference on Cloud Computing (  |n 4a :  |d 2013 :  |c Wuhan, China) 
245 1 0 |a Cloud Computing :  |b 4th International Conference, CloudComp 2013, Wuhan, China, October 17–19, 2013 : Revised Selected Papers /  |c Ed. de V.C.M. Leung, M. Chen. 
264 4 |a Cham, Suiza :  |b Springer,  |c 2014, c2014 
264 2 |a Cham, Suiza :  |b Springer Link [distribución],  |c 2014 
300 |a 1 libro electrónico en línea (XIII, 298 p.) 
300 |a 1 recurso en línea 
336 |a datos para computadora  |b cod  |2 rdacontenido 
337 |a computadora  |b c  |2 rdamedio 
338 |a recurso en línea  |b cr  |2 rdasoporte 
440 1 |a (Lecture Notes of the Institute for Computer Sciences, Social Informatics and Telecommunications Engineering ;  |v 133) 
506 0 |a Licencias ilimitadas 
520 |a Colección de ponencias de la cuarta Conferencia Internacional sobre Computación en la Nube, que tuvo lugar en Wuhan, China, en octubre de 2013. Los textos se enfocan en el tema de la computación en la nube, sus servicios, aplicaciones, administración y seguridad; así como el Internet de las cosas y el Big Data asistidos por la nube. 
649 |a XX 
650 |a Internet de las Cosas 
650 |a Big Data 
650 |a Minería de Datos 
650 |a Computación en la Nube -  |x Diseño y Construcción 
650 |a Computación en la Nube -  |x Administración 
650 |a Computación en la Nube -  |x Seguridad 
650 |a Computación en la Nube -  |x Congresos -  |x Tema Principal 
650 |a Computación en la Nube -  |x Tema Principal 
650 |a Computación Grid 
650 |a Cómputo Distribuido 
650 |a Internet 
650 |a Proceso de Datos 
650 |a Computadoras 
650 |a Ingeniería Computacional 
700 |a Leung, Victor C.M.  |e (edición) 
700 |a Chen, Min  |e (edición) 
856 4 0 |u https://link-springer-com.ezproxy.iteso.mx/book/10.1007/978-3-319-05506-0  |y Ver documento en línea 
910 |a Fondo General 
920 |a Electrónicos - Libros en Línea 
930 |a Plataforma Digital 
905 |a 205 
901 |a 456802-1  |b IT2  |c EBO  |i C  |u 20250521 
902 |a https://opac.biblio.iteso.mx/vufind/Record/000456802